Novéna s Romanem Guardinim

Corporate Author: Jezuité. Česká provincie. Centrum Aletti Velehrad-Roma
Language: Czech
Published: Olomouc : nakladatelství Centra Aletti Refugium Velehrad-Roma, s.r.o., 2019
Edition: Vydání první
Series: Hlas Velehradu (Refugium Velehrad-Roma)
Subjects:
Physical Description: 29 stran ; 15 cm
Book
Saved in:
LEADER 03015cam a2200829 i 4500
001 nkc20193098713
003 CZ PrNK
005 20200221085623.0
007 ta
008 190530s2019 xr g 000 0dcze d
015 |a cnb003098713 
020 |a 978-80-7412-320-7  |q (Refugium Velehrad-Roma ;  |q brožováno) :  |c Kč 35,00 
035 |a (OCoLC)1140078031 
040 |a OSA001  |b cze  |d ABA001  |e rda 
043 |a e-gx--- 
045 |a x-x- 
072 7 |a 27-5  |x Liturgie. Křesťanské umění a symbolika. Duchovní život  |2 Konspekt  |9 5 
080 |a 272-1-051  |2 MRF 
080 |a 27-335  |2 MRF 
080 |a 272-532.3/.4  |2 MRF 
080 |a 272-534.35  |2 MRF 
080 |a 27-584  |2 MRF 
080 |a 27-58  |2 MRF 
080 |a 27-184  |2 MRF 
080 |a 27-23/-29  |2 MRF 
080 |a (430)  |2 MRF 
080 |a (0:82-4)  |2 MRF 
080 |a (0:82-97)  |2 MRF 
080 |a (0:82-84)  |2 MRF 
245 0 0 |a Novéna s Romanem Guardinim 
250 |a Vydání první 
264 1 |a Olomouc :  |b nakladatelství Centra Aletti Refugium Velehrad-Roma, s.r.o.,  |c 2019 
300 |a 29 stran ;  |c 15 cm 
336 |a text  |b txt  |2 rdacontent 
337 |a bez média  |b n  |2 rdamedia 
338 |a svazek  |b nc  |2 rdacarrier 
490 1 |a Hlas Velehradu ;  |v LXIX. 
504 |a Obsahuje bibliografii 
600 1 7 |a Guardini, Romano,  |d 1885-1968  |7 jn19990002967  |2 czenas 
648 7 |a 19.-20. století  |7 ch757015  |2 czenas 
648 7 |a 20. století  |7 ch460558  |2 czenas 
650 0 7 |a katoličtí teologové  |7 ph166057  |z Německo  |y 19.-20. století  |2 czenas 
650 0 7 |a křesťanští filozofové  |7 ph122142  |z Německo  |y 19.-20. století  |2 czenas 
650 0 7 |a novény  |7 ph135880  |2 czenas 
650 0 7 |a růženec  |7 ph125393  |2 czenas 
650 0 7 |a duchovní život  |7 ph114375  |2 czenas 
650 0 7 |a křesťanská spiritualita  |7 ph138493  |2 czenas 
650 0 7 |a Bůh a člověk  |7 ph116953  |2 czenas 
650 0 7 |a křesťanská literatura  |7 ph122098  |y 20. století  |2 czenas 
650 0 9 |a Catholic theologians  |z Germany  |y 19th-20th centuries  |2 eczenas 
650 0 9 |a Christian philosophers  |z Germany  |y 19th-20th centuries  |2 eczenas 
650 0 9 |a novenas  |2 eczenas 
650 0 9 |a rosary  |2 eczenas 
650 0 9 |a spiritual life  |2 eczenas 
650 0 9 |a Christian spirituality  |2 eczenas 
650 0 9 |a relations between God and man  |2 eczenas 
650 0 9 |a Christian literature  |y 20th century  |2 eczenas 
655 7 |a úvahy  |7 fd134000  |2 czenas 
655 7 |a modlitby  |7 fd132841  |2 czenas 
655 7 |a citáty  |7 fd131832  |2 czenas 
655 9 |a essays  |2 eczenas 
655 9 |a prayers  |2 eczenas 
655 9 |a quotations  |2 eczenas 
710 2 |a Jezuité.  |b Česká provincie.  |b Centrum Aletti Velehrad-Roma  |7 kn20020906019  |4 isb 
830 0 |a Hlas Velehradu (Refugium Velehrad-Roma)  |0 s 
910 2 |a BOA001  |b S-1443.447 
920 |a 000770352  |z OSA001 
928 9 |a Refugium Velehrad-Roma 
990 |a BK 
995 |a 01 
991 |b 202002  |c NOV 
996 6 |b 2610814315  |c S-1443.447  |l MZK  |r Sklad / do 24 hodin  |n 0  |p p.v.  |w 001781333  |u 000010  |a 1  |e BOA001  |j MZK50  |s P